| 000 | 00505nam a2200217Ia 4500 | ||
|---|---|---|---|
| 003 | OSt | ||
| 005 | 20221005115154.0 | ||
| 006 | a|||||r|||| 00| 0 | ||
| 007 | ta | ||
| 008 | 221004b |||||||| |||| 00| 0 eng d | ||
| 024 | _a117236 | ||
| 037 | _cTextual | ||
| 040 |
_aCRL _cCRL _beng |
||
| 041 |
_2eng _aeng |
||
| 100 |
_aNyanatiloka _9204536 |
||
| 245 | 0 | _aBuddha's path to deliverance | |
| 260 | _c1982 | ||
| 650 | _aBUDDHISM | ||
| 942 |
_cTEXL _2cc |
||
| 999 |
_c1033640 _d1033640 |
||